<?xml version="1.0" encoding="UTF-8"?>
<record
    xmlns:xsi="http://www.w3.org/2001/XMLSchema-instance"
    xsi:schemaLocation="http://www.loc.gov/MARC21/slim http://www.loc.gov/standards/marcxml/schema/MARC21slim.xsd"
    xmlns="http://www.loc.gov/MARC21/slim">

  <leader>00572nam a22001697a 4500</leader>
  <controlfield tag="005">20120110162524.0</controlfield>
  <datafield tag="020" ind1=" " ind2=" ">
    <subfield code="a">9788179635520</subfield>
    <subfield code="c">45.00</subfield>
  </datafield>
  <datafield tag="037" ind1=" " ind2=" ">
    <subfield code="a">DPL</subfield>
    <subfield code="b">PUB</subfield>
  </datafield>
  <datafield tag="082" ind1=" " ind2=" ">
    <subfield code="a">S</subfield>
  </datafield>
  <datafield tag="245" ind1=" " ind2=" ">
    <subfield code="a">Cinderella ; Thumbelina /</subfield>
  </datafield>
  <datafield tag="260" ind1=" " ind2=" ">
    <subfield code="a">Mumbai</subfield>
    <subfield code="b">Shree Book Centre</subfield>
  </datafield>
  <datafield tag="270" ind1=" " ind2=" ">
    <subfield code="a">8 kakad industrial Estate-S.Keer Road (off.L.J. Road matunga west</subfield>
    <subfield code="b">Mumbai</subfield>
    <subfield code="e">400016</subfield>
    <subfield code="k">24377513/24374559</subfield>
    <subfield code="l">91-22-24309183</subfield>
    <subfield code="m">sales@shreebookcentre.com</subfield>
  </datafield>
  <datafield tag="300" ind1=" " ind2=" ">
    <subfield code="a">unpaged</subfield>
    <subfield code="b">Col.ill</subfield>
    <subfield code="c">23cm (pbk)</subfield>
  </datafield>
  <datafield tag="490" ind1=" " ind2=" ">
    <subfield code="a">My Best Loved fairy Tales</subfield>
    <subfield code="9">38823</subfield>
  </datafield>
  <datafield tag="500" ind1=" " ind2=" ">
    <subfield code="a">2 in 1 Large Print</subfield>
  </datafield>
  <datafield tag="942" ind1=" " ind2=" ">
    <subfield code="2">ddc</subfield>
    <subfield code="c">CH</subfield>
    <subfield code="h">S</subfield>
    <subfield code="m">CIN</subfield>
  </datafield>
  <datafield tag="999" ind1=" " ind2=" ">
    <subfield code="c">60657</subfield>
    <subfield code="d">60657</subfield>
  </datafield>
</record>
